000 00701nam a22002057a 4500
003 OSt
005 20260304110605.0
008 260304b |||||||| |||| 00| 0 eng d
020 _a9781646116409 Pbk. Bp.
040 _aMMSU
_cULS
050 _aQH 541.5.S3 C65 2020 REF CASAT
100 _aColon, Erica
245 _aOcean animals and their ecosystems :
_ba nature reference book for kids /
_cErica Colon.
260 _aCalifornia :
_bRockridge Press,
_c2020.
300 _axi, 169 pages :
_bcolor illustrations ;
_c24 cm.
504 _aIncludes bibliographical references and idnex.
650 _aMarine ecology--Juvenile literature.
650 _aOcean--Juvenile literature.
942 _2lcc
_cBK
999 _c28955
_d28955